In Her Honour/ (Record no. 216441)

MARC details
000 -LEADER
fixed length control field 00627nam a22002057a 4500
005 - DATE AND TIME OF LATEST TRANSACTION
control field 20260602101551.0
010 ## - LCCN (DPL NO)
LC control number ENG-148691
020 ## - INTERNATIONAL STANDARD BOOK NUMBER
International Standard Book Number 9789349042285
Terms of availability 599.00
035 ## - SYSTEM CONTROL NUMBER
System control number EN-132223
037 ## - SOURCE OF ACQUISITION
Source of stock number/acquisition DBAD
082 ## - DEWEY DECIMAL CLASSIFICATION NUMBER
Classification number 347.972
Edition number 1
100 ## - MAIN ENTRY--PERSONAL NAME
Personal name Bedi, Shruti
245 ## - TITLE STATEMENT
Title In Her Honour/
Statement of responsibility, etc Shruti Bedi [and] Navdeep Singh
250 ## - EDITION STATEMENT
Edition statement 1
260 ## - PUBLICATION, DISTRIBUTION, ETC. (IMPRINT)
Place of publication, distribution, etc Chandigarh
Name of publisher, distributor, etc The Browser
Date of publication, distribution, etc 2026
270 ## - ADDRESS
City Chandigarh
Address SCO 14-15, Sector 8-C
Postal code 160009
Electronic mail address service@thebrowser.org
300 ## - PHYSICAL DESCRIPTION
Extent 178p.
Dimensions 22cm(hb)
500 ## - GENERAL NOTE
General note Stories of India's First Women High Court Judges
942 ## - ADDED ENTRY ELEMENTS (KOHA)
Source of classification or shelving scheme Dewey Decimal Classification
Item type English Books
Classification part 347.972
Call number suffix BED
Holdings
Withdrawn status Lost status Not for loan Collection code Home library Current library Date acquired Source of acquisition Cost, normal purchase price Full call number Barcode Copy number Cost, replacement price Koha item type
    Not For Loan Non-fiction D.B.Act.Division D.B.Act.Division 02/06/2026 Delivery of Books Act Division 599.00 347.972 BED EN-132223 1 599.00 English Books

© Delhi Public Library
Hit Counter
free hit counter